Vainqueurs de la Coupe d'Italie - Statistiques

Statistiques générales
  • Ce quiz a été pris 546 fois
    209 depuis la dernière actualisation
  • Le résultat moyen est 64 sur 77
Statistiques - réponses
Saison Vainqueur % Correct
1967 AC Milan
99%
1972 AC Milan
99%
1973 AC Milan
99%
1977 AC Milan
99%
2003 AC Milan
99%
1939 Inter Milan
99%
1978 Inter Milan
99%
1982 Inter Milan
99%
2005 Inter Milan
99%
2006 Inter Milan
99%
2010 Inter Milan
99%
2011 Inter Milan
99%
2022 Inter Milan
99%
2023 Inter Milan
99%
1938 Juventus FC
99%
1942 Juventus FC
99%
1959 Juventus FC
99%
1960 Juventus FC
99%
1965 Juventus FC
99%
1979 Juventus FC
99%
1983 Juventus FC
99%
1990 Juventus FC
99%
1995 Juventus FC
99%
2015 Juventus FC
99%
2016 Juventus FC
99%
2017 Juventus FC
99%
2018 Juventus FC
99%
2024 Juventus FC
99%
2021 Juventus Turin
99%
1962 SSC Naples
94%
1976 SSC Naples
94%
1987 SSC Naples
94%
2012 SSC Naples
94%
2014 SSC Naples
94%
2020 SSC Naples
94%
2019 Lazio Rom
90%
1958 SS Lazio
90%
1998 SS Lazio
90%
2000 SS Lazio
90%
2004 SS Lazio
90%
2009 SS Lazio
90%
2013 SS Lazio
90%
1970 Bologne FC
83%
1974 Bologne FC
83%
2025 Bologne FC
83%
1964 AS Rome
77%
1969 AS Rome
77%
1980 AS Rome
77%
1981 AS Rome
77%
1984 AS Rome
77%
1986 AS Rome
77%
1991 AS Rome
77%
2007 AS Rome
77%
2008 AS Rome
77%
1940 ACF Fiorentina
74%
1961 ACF Fiorentina
74%
1966 ACF Fiorentina
74%
1975 ACF Fiorentina
74%
1996 ACF Fiorentina
74%
2001 ACF Fiorentina
74%
1992 Parme Calcio
70%
1999 Parme Calcio
70%
2002 Parme Calcio
70%
1936 Torino FC
70%
1943 Torino FC
70%
1968 Torino FC
70%
1971 Torino FC
70%
1993 Torino FC
70%
1963 Atalanta Bergame
66%
1985 UC Sampdoria
61%
1988 UC Sampdoria
61%
1989 UC Sampdoria
61%
1994 UC Sampdoria
61%
1937 CFC Genoa
58%
1923 Vado FC
8%
1997 Vicence
6%
1941 Venice FC
5%
Aucun quiz correspondant
Distribution des résultats
% des personnes avec chaque résultat
Percentile par nombre de réponses
Votre historique - résultats
Vous n’avez pas pris ce quiz depuis la dernière actualisation